| 000 | 00584nam a2200193 a 4500 | ||
|---|---|---|---|
| 008 | |||
| 049 | _aMAIN | ||
| 090 |
_aHB171 _bLER |
||
| 100 | 1 | _aLerner, Abba Ptachya. | |
| 245 | 1 | 0 |
_aEverybody's business : _ba re-examination of current assumptions in economics and public policy / _cAbba P. Lerner. |
| 260 |
_aNew York : _bHarper and Row, _c1961. |
||
| 300 |
_a134 p. ; _c22 cm. |
||
| 650 | 0 | _aEconomics. | |
| 907 |
_a.b10080247 _b20-04-12 _c05-07-03 |
||
| 003 | |||
| 005 | 20230123133318.0 | ||
| 040 | _cNUST | ||
| 942 |
_cBOOKS _kHB171 _mLER |
||
| 999 |
_c146421 _d146421 |
||